Loading...
| Literature - European | 0 | 2 | 0 | 0 | 20 | 99 | 106.50 | 1 | 2 | 18.42 | 34.44 |
| Literature - American | 0 | 2 | 0 | 0 | 20 | 37 | 69.00 | 1 | 1 | 15.50 | 25.56 |
| History - American | 0 | 1 | 0 | 0 | 10 | 66 | 66.00 | 0 | 1 | 2.55 | 2.78 |
| Literature - World/Other | 0 | 1 | 0 | 0 | 10 | 83 | 83.00 | 0 | 1 | 9.86 | 22.22 |
| Religion | 0 | 1 | 0 | 0 | 10 | 112 | 112.00 | 0 | 0 | 2.39 | 9.44 |
| Science - Chemistry | 0 | 1 | 0 | 1 | 10 | 118 | 118.00 | 0 | 0 | 5.33 | 18.89 |
| Science - Other | 0 | 1 | 0 | 0 | 10 | 79 | 79.00 | 0 | 0 | 3.93 | 7.78 |
| Fine Arts - Classical Music | 0 | 1 | 0 | 0 | 10 | 60 | 60.00 | 0 | 1 | 2.92 | 5.56 |
| Science - Physics | 0 | 1 | 0 | 0 | 10 | 109 | 109.00 | 0 | 0 | 2.85 | 12.22 |
| Fine Arts - Visual | 0 | 1 | 0 | 0 | 10 | 85 | 85.00 | 0 | 1 | 5.94 | 15.56 |